书目信息 |
| 题名: |
公路边坡防护与治理
|
|
| 作者: | 杨航宇 , 杨航宇 编著 | |
| 分册: | ||
| 出版信息: | 北京 人民交通出版社 2002.10 |
|
| 页数: | 197页 | |
| 开本: | 26cm | |
| 丛书名: | ||
| 单 册: | ||
| 中图分类: | U418.5 | |
| 科图分类: | ||
| 主题词: | 公路路基--边坡--防护 , 公路路基--边坡--治理 , 公路路基 , 边坡 | |
| 电子资源: | ||
| ISBN: | 7-114-04424-0 | |
| 000 | 00838nam0 2200277 45 | |
| 001 | 012004000000 | |
| 005 | 20050114102133.09 | |
| 010 | @a7-114-04424-0@dCNY 26.00 | |
| 100 | @a20040920d2002 em y0chiy0121 ea | |
| 101 | 0 | @achi |
| 102 | @aCN@b110000 | |
| 105 | @aak z 000yy | |
| 200 | 1 | @a公路边坡防护与治理@Agong lu bian po fang zhi yu zhi li@f杨航宇等编著@Fyang hang yu deng bian zhu |
| 210 | @a北京@c人民交通出版社@d2002.10 | |
| 215 | @a197页@c图, 表格@d26cm | |
| 304 | @a本书其他编著: 颜志平, 朱赞凌, 罗志聪 | |
| 320 | @a本书含参考文献 | |
| 606 | 0 | @a公路路基@x边坡@x防护 |
| 606 | 0 | @a公路路基@x边坡@x治理 |
| 606 | 0 | @a公路路基 |
| 606 | 0 | @a边坡 |
| 690 | @aU418.5@v4 | |
| 701 | 0 | @a杨航宇@Ayang hang yu@4编著 |
| 701 | 0 | @a杨航宇@Ayang hang yu@4编著 |
| 801 | 0 | @aCN@bQSSKlw@c20050114 |
| 905 | @a10447@dU418.5@eY190 | |
| 公路边坡防护与治理/杨航宇等编著.-北京:人民交通出版社,2002.10 |
| 197页:图, 表格;26cm |
| ISBN 7-114-04424-0:CNY 26.00 |
| ● |
| 相关链接 |
|
|
|
正题名:公路边坡防护与治理
索取号:U418.5/Y190
 
预约/预借
| 序号 | 登录号 | 条形码 | 馆藏地/架位号 | 状态 | 备注 |
| 1 | 437744 | 204377441 | 自科库501/501自科库 53排6列4层/ [索取号:U418.5/Y190] | 在馆 | |
| 2 | 437745 | 204377450 | 自科库501/501自科库 53排6列4层/ [索取号:U418.5/Y190] | 在馆 | |
| 3 | 437746 | 204377469 | 自科库501/501自科库 53排6列4层/ [索取号:U418.5/Y190] | 在馆 |